Tvorba mobilnej aplikácie pre platformu iOS v jazyku SWIFT diplomová práca

Guardado en:
Detalles Bibliográficos
Autor principal: Roh, Patrik
Autor Corporativo: Fakulta hospodárskej informatiky EU. Katedra aplikovanej informatiky
Otros Autores: Pittner, Ján
Formato: Libro
Lenguaje:eslovaco
Publicado: Bratislava 2017
Etiquetas: Agregar Etiqueta
Sin Etiquetas, Sea el primero en etiquetar este registro!

MARC

LEADER 00000nbm a2200000 4500
001 0232981
005 20180413101142.4
041 0 |a slo 
044 |a SK 
245 1 0 |a Tvorba mobilnej aplikácie pre platformu iOS v jazyku SWIFT  |b diplomová práca  |c Patrik Roh ; školiteľ: Ján Pittner 
264 1 |a Bratislava  |c 2017 
300 |a 75 s. 
100 1 |a Roh, Patrik 
700 1 |a Pittner, Ján 
710 2 |a Fakulta hospodárskej informatiky EU. Katedra aplikovanej informatiky